UBT Library

Education and International Development An Introduction (Record no. 49832)

000 -LEADER
fixed length control field 00325nam a22001337a 4500
008 - FIXED-LENGTH DATA ELEMENTS--GENERAL INFORMATION
fixed length control field 181016b xxu||||| |||| 00| 0 eng d
020 ## - INTERNATIONAL STANDARD BOOK NUMBER
International Standard Book Number 9781472506979
041 ## - LANGUAGE CODE
Language code of text/sound track or separate title eng
080 ## - UNIVERSAL DECIMAL CLASSIFICATION NUMBER
Universal Decimal Classification number 371
100 ## - Rafti
Rafti 46
101 ## - Shkurtesa
Shkurtesa EDU
245 ## - TITLE STATEMENT
Title Education and International Development An Introduction
Statement of responsibility, etc Cowan,T.M
942 ## - ADDED ENTRY ELEMENTS (KOHA)
Source of classification or shelving scheme
Item type Books
Holdings
Withdrawn status Lost status Source of classification or shelving scheme Damaged status Not for loan Collection code Permanent location Current location Shelving location Date acquired Total Checkouts Full call number Barcode Date last seen Price effective from Koha item type
          Koleksioni i përgjithshem UBT - Lipjan UBT - Lipjan Koleksioni i përgjithshem 10/16/2018   371 COW 002-3014752 10/16/2018 10/16/2018 Books
UBT Library © 2015-2024. All rights reserved University Education for Business and Technology